Statistiken für Deutsche Geschichte - September

Klicken Sie hier um das Quiz zu spielen!

Allgemein

  • Dieses Quiz wurde 73 mal gespielt
    (36 seit der letzten Aktualisierung)
  • Das Durchschnittsergebnis liegt bei 17 aus 30

Antwortstatistiken

TagJahrFrageAntwort% Korrekt
272009Diese Partei gewinnt die 17te BundestagswahlCCDU
97%
181814Dieser Kongress europäischer Herrscher startetW{Wiener} Kongress
97%
222013Zum ersten Mal seit Gründung der Bundesrepublik ist diese Partei nicht im Bundestag vertretenFFDP
94%
21870Dieser französische Herrscher gerät in deutsche GefangenschaftNNapoleon III.
94%
31814In Preußen wird diese Pflicht eingeführtW{Wehr}pflicht
94%
141945In dieser Stadt findet die erste deutsche Börsenversammlung der Nachkriegszeit stattFFrankfurt am Main
91%
112001Als Reaktion auf die Terroranschläge des 11ten September erklärt dieser deutsche Bundeskanzler den USA uneingeschränkte SolidaritätSGerhard Schröder
91%
51972Palästinensische Terroristen ermorden in dieser deutschen Stadt 11 israelische SportlerMMünchen
91%
211956
In dieser Ruhrgebietsstadt findet das erste Länderspiel einer deutschen Frauenfußball-Nationalmannschaft statt
Deutschland schlägt die Niederlande 2:1
EEssen
88%
241990Die DDR tritt aus diesem Militärbündnis ausWWarschauer Pakt
85%
41989In Leipzig findet die erste dieser gegen die SED-Diktatur gerichteten Demonstrationen stattM{Montags}demonstrationen
82%
161180
Friedrich I. Barbarossa entzieht diesem Vetter die Reichslehen Sachsen und Bayern
Ein territorial stark beschnittenes Herzogtum Bayern wird den Wittelsbachern als Lehen verliehen
H{Heinrich} der Löwe
76%
131955Die Rückkehr der letzten 9.628 deutschen Kriegsgefangenen aus diesem Land wird vereinbartSSowjetunion
76%
201913Dieser spätere Reichspräsident wird zum Vorsitzenden der SPD gewähltEFriedrich Ebert
70%
231862Dieser Junker aus der Altmark wird preußischer MinisterpräsidentBOtto von Bismarck
70%
281717In Preußen wird diese Pflicht eingeführtS{Schul}pflicht
64%
71951Das Bundesverdienstkreuz wird von diesem Bundespräsidenten eingeführtHTheodor Heuss
52%
81926Deutschland wird Mitglied dieser internationalen OrganisationVVölkerbund
48%
251555Dieses Reichsgesetz gesteht Lutheranern die freie Religionsausübung zuA{Augsburger} (Reichs- und) Religionsfrieden
39%
91943Das italienische Schlachtschiff Roma wird mit dieser ersten funktionsfähigen funkgesteuerten Waffe durch die deutsche Luftwaffe versenktXFritz {X}
39%
171916Dieser als "Roter Baron" bekannte Jagdflieger gewinnt seinen ersten LuftkampfRManfred von Richthofen
36%
121683Dieser polnische König entsetzt Wien während der Zweiten Wiener TürkenbelagerungJ{Johann} III. Sobieski
30%
11870Im Deutsch-Französischen Krieg schlägt der Norddeutsche Bund mit seinen süddeutschen Verbündeten die französische Armee in dieser Schlacht entscheidendSSchlacht von {Sedan}
24%
191410Die Heere Władysławs II. Jagiełło und Vytautas müssen sich nach erfolgloser Belagerung von dieser Deutschordensburg an der Nogat zurückziehenM{Marien}burg
21%
291941Die SS, der SD und die Wehrmacht ermorden 33.000 Juden bei dieser Schlucht in der Nähe von KiewB{Babi} Jar
15%
151957
Mit diesem Slogan gewinnen die Christdemokraten die Bundestagswahl
Dies ist das einzige Mal, das eine Partei in einer freien Bundes- oder Reichtagswahl die absolute Mehrheit gewinnt (inklusive der Reichtagswahl März 1933 und der Volkskammerwahl 1990)
KKeine Experimente!
12%
61914In der an diesem Tag beginnenden Schlacht schlägt eine deutsche Armee eine russische Übermacht und beendet den russischen Vorstoß ins Deutsche ReichMSchlacht an den {Masurischen Seen}
6%
261914Die deutsche Schutztruppe schlägt eine zweifach überlegene südafrikanische Streitmacht in dieser Schlacht in Deutsch-SüdwestafrikaSSchlacht bei {Sandfontein}
3%
301745Friedrich II. schlägt die zweifach überlegenen österreichisch-sächsischen Streitkräfte Karls von Lothringen in dieser SchlachtSSchlacht bei {Soor}
3%
101939Aus dieser Schlacht in Ostpolen (auch als polnische Thermopylen bezeichnet) bei der ca. 720 polnische Verteidiger Widerstand gegen mehr als 40.000 Soldaten der Wehrmacht leisteten geht Nazi-Deutschland nach mehrtägigen Kämpfen siegreich hervorWSchlacht bei {Wizna}
3%

Verteilung der Resultate

Perzentil nach korrekt beantworteten Fragen

Anzahl Personen mit jedem Resultat

Ihre Resultats-Entwicklung

Sie haben dieses Quiz seit der letzten Aktualisierung nicht gespielt